banner koha

Decreto-Lei n. 756, de 11 de agosto de 1969; Decreto n. 67.527, de 11 de novembro de 1970 (Registro n. 300569)

MARC details
000 -LÍDER
Campo de controle fixo 00853nam a22002777a 4500
001 - NÚMERO DE CONTROLE
Número de controle BR2024001970
003 - CÓDIGO MARC DA AGÊNCIA CATALOGADORA
Campo de controle BR-BrBNA
005 - DATA E HORA DA ÚLTIMA ATUALIZAÇÃO
Campo de controle 20240717153005.0
008 - CAMPO DE TAMANHO FIXO
Campo fixo de controle 240717b bl.||||| |||| 00| 0 por d
040 ## - FONTE DA CATALOGAÇÃO
Agência catalogadora BR-BrBNA
Idioma da catalogação por
041 ## - CÓDIGO DO IDIOMA
Código do Idioma por
072 ## - CATEGORIA AGRIS
Código da categoria de assunto/objeto <a href="D50 ; E14">D50 ; E14</a>
090 ## - NÚMERO DE CHAMADA
Localização na estante D50 BR2024001970
110 ## - ENTRADA PRINCIPAL - ENTIDADE
Nome da entidade ou lugar Superintendência do Desenvolvimento da Amazônia, Belém, PA (Brasil). Assessoria de Programação e Coordenação
9 (RLIN) 10050
245 ## - TÍTULO PRINCIPAL
Título principal Decreto-Lei n. 756, de 11 de agosto de 1969; Decreto n. 67.527, de 11 de novembro de 1970
260 ## - IMPRENTA (PUBLICAÇÃO, DISTRIBUIÇÃO, ETC.)
Lugar de publicação, distribuição, etc. Belém, PA (Brasil)
Data de publicação, distribuição, etc 1971
300 ## - DESCRIÇÃO FÍSICA
Extensão 71 p.
Detalhes físicos adicionais 23 cm
650 ## - ASSUNTO - THESAGRO
Cabeçalho tópico ou nome geográfico AMAZÔNIA
650 ## - ASSUNTO - THESAGRO
Cabeçalho tópico ou nome geográfico INVESTIMENTO
650 ## - ASSUNTO - THESAGRO
Cabeçalho tópico ou nome geográfico TRIBUTAÇÃO
650 ## - ASSUNTO - THESAGRO
Cabeçalho tópico ou nome geográfico IMPOSTO DE RENDA
650 ## - ASSUNTO - THESAGRO
Cabeçalho tópico ou nome geográfico POLÍTICA DE DESENVOLVIMENTO
650 ## - ASSUNTO - THESAGRO
Cabeçalho tópico ou nome geográfico LEGISLAÇÃO
909 ## - IDENTIFICAÇÃO DO CATALOGADOR
Ano e mês da catalogação (aaaamm) 202407
Identificação do catalogador Fernando
942 ## - TIPO ESPECÍFICO
Tipo de material Livros
952 ## - LOCATION AND ITEM INFORMATION (KOHA)
-- 2024-07-17
Exemplares
Status de empréstimo Fonte de classificação Status de danificação Não pode ser emprestado Código da coleção Localização permanente Localização atual Localização na estante Total Checkouts Número de chamada Código de barras Tipo de material
  Classificação AGRIS     Agrobase Biblioteca Nacional de Agricultura - Binagri Biblioteca Nacional de Agricultura - Binagri Agrobase - Acervo Geral   D50 BR2024001970 2024-3286 Livros

BINAGRI

Telefone: (61)3218-2567/2388/3357/2097 - binagri@agro.gov.br

Ministério da Agricultura e Pecuária , Esplanada dos Ministérios, Bloco D, Anexo B, Brasília/DF, CEP: 70.043-900